Quizzes
Events
Quiz Creation
Community
Videos
Private Events
Remove Ads
Sign In
Join for FREE
Feedback
Dark Mode
Quiz Categories
Sports
Geography
Music
Movies
Television
Just For Fun
Miscellaneous
History
Literature
Language
Science
Gaming
Entertainment
Religion
Holiday
For Kids
Quiz Lab
Recent
Popular Today
Quiz Kudos Today
Editor Picks
Curator Picks
Quizzes by...
Day
Popularity
Type
Ratings
Length
Year
Community
Subscriptions
Recent Discussions
Orange Saloon
Badges
Playlists
Quests
Create
Leaderboards
Showdown
Live 5
Trivia Bingo
Activity
Puzzle Library
Sporcle Events
Private Events
Virtual Trivia
Globe League
Become a Host
Pub Owners
SporcleCon
Opinionation
Our Games
Videos
Blog
Mobile Apps
Partnerships
Remove Ads and Go Orange
Feedback
Television
TV Characters
TV Show
Sitcom
Network
Friends
Reality Shows
Cast
South Park
Star Trek
The Simpsons
Doctor Who
Television
TV Characters
TV Show
Sitcom
Network
Friends
Reality Shows
Cast
South Park
Star Trek
The Simpsons
Doctor Who
Random Quiz
Search Sporcle
×
Quiz Lab
Quiz Lab
Television
Book
Select answers by clicking on text or image buttons
Select answers by clicking on text or image buttons
Clickable
Best Score? Go Orange.
Wishbone Stories Stats
Can you pick which of these books were featured on Wishbone?
By
Rotom_493
5m
35 Questions
525 Plays
525 Plays
525 Plays
Comments
Comments
Give Quiz Kudos
Give Quiz Kudos
-
- Ratings
hide this ad
More Info
Random Order
Randomize order of answers
Randomize order of answers
Replay
Link that replays current quiz
Next Quiz
Link to next quiz in quiz playlist
You Got
0%
They Got
Avg Score
44%
Avg Friend Score
Upgrade to see
Score Distribution
Jump to the score distribution portion of the page
Score
0/35
Timer
05:00
0
Plays Today
% Correct
Romeo and Juliet
55.9%
The Strange Case of Dr. Jekyll and Mr. Hyde
53.8%
The Phantom of the Opera
52.1%
The Three Musketeers
51%
The Hunchback of Notre Dame
49.8%
Treasure Island
49.4%
The Adventures of Tom Sawyer
48.9%
The Prince and the Pauper
48.9%
A Tale of Two Cities
48.7%
Personal Recollections of Joan of Arc
48.1%
Journey to the Center of the Earth
48.1%
The Hound of the Baskervilles
47.9%
The Legend of Sleepy Hollow
47.5%
Pride and Prejudice
47.1%
The Odyssey
46.6%
The Count of Monte Cristo
46.2%
Oliver Twist
46%
Frankenstein
45.8%
% Correct
The Time Machine
45.6%
Great Expectations
44.8%
The Tempest
44.3%
Rip Van Winkle
44.1%
The Red Badge of Courage
42.2%
The Moonstone
41.4%
Don Quixote
40.6%
The Courtship of Miles Standish
39.7%
The Imaginary Invalid
38.5%
Cyrano de Bergerac
38%
The Inspector General
37.8%
Ivanhoe
37.4%
Faust
36.5%
The Black Arrow
36.5%
Northanger Abbey
36.3%
Silas Marner
34.4%
The Aeneid
34.2%
Quiz Playlist
Details
Report
Send in Message
Add To Playlist
More Info:
Only TV episodes - Not counting the books
Clickable:
Select answers by clicking on text or image buttons
Random Order:
Randomize order of answers
Quiz Source
Last Updated: Feb 16, 2017
Quiz Scoreboard
CHALLENGE
Sign Up to Join the Scoreboard
Show All
Scores
Hide
Comments
May contain spoilers
Recently Published
An Introduction to Baseball
by treessimontrees
Sports
5m
Movies - When Are They Set?
by FPL_Elf
Movies
5m
Popular People in 1961
by mucciniale
History
6m
More to Explore
Quiz From the Vault
Featured Blog Post
Where Did the Easter Bunny Come From?
hide this ad
You Might Also Like...
Tags
Book Quiz
Clickable Quiz
Featured
Story
Wishbone
Today's Top Quizzes in Television
Browse Television
hide this ad
Today's Top Quizzes in Book
Browse Book
Top Contributed Quizzes in Television
1
One Piece Logic Puzzle
2
Survivor Logic Puzzle: Heroes vs. Villains
3
Survivor Seasons
4
Survivor Season by Logo
5
5-to-1: The Simpsons Families
6
Survivor Trivia
7
One Thing in Common: Television
8
Who Wants to Be a Millionaire?
9
Survivor Logic Puzzle: Winners at War
10
Ultimate Survivor Logic Puzzle
Explore More
Trending Topics
Anime
Harry Potter
Kpop
NBA
Crossword
Marvel
Disney
Pokémon
Song
Country
NFL
The Office
WWE
Puzzle
Soccer
hide this ad
More By:
Rotom_493
Quiz
Plays
Rating
Category
Featured
Created
Jenny's Phone Number
102,682
4.32
Music
Feb 18, 2015
Bible or Shakespeare Character?
16,684
4.61
Literature
Jul 3, 2016
Word Ladder: Perry Mason
7,272
4.23
Just For Fun
Feb 13, 2016
Beatitudes Matching
5,154
5.00
Religion
Apr 12, 2015
Burger Ingredients Sorting
3,878
3.61
Miscellaneous
Dec 5, 2015
Go to Creator's Profile
Score Distribution
Quiz Creator Spotlight
Rotom_493
Follow
Send a Message
Quizzes Created
-
Created Quiz Play Count
-
More By This Creator
Popular Quizzes Today
1
Find the Countries of Europe - No Outlines Minefield
2
Find the US States - No Outlines Minefield
3
The Countries of the World
4
Popular People in 1961
5
US States
6
1-10 Letter E Words III
7
Find the US States
8
One Thing in Common: World Cities II
More Television Quizzes
Painted Eggs - Television
Editor's Pick
Trending Quizzes
Risky Map Clicking: Least Populous States A-Z
1-10 Letter F Words
1-10 Letter G Words
One Thing in Common: United Kingdom
Risky Map Clicking: Next State Alphabetically
Recently Updated
Leaping Animals
pecheneg
Reality TV Shows (A-Z)
bhenderson79
Rickey Henderson's Hall of Fame Teammates
pecheneg
Champions League XIs: Arsenal
pecheneg
Quick Pick: Celebrities in WWE's Hall of Fame
aduchscher
A-Z Keypad Blitz II
pecheneg
Multiple Oscar Actors
pecheneg
Mystery Phrase Blitz: Oscar 'Best Actors'
pecheneg
F. Scott Fitzgerald Novels
LTH
Pick 3 Villains
ddd62291
Trending Topics
Disney
Harry Potter
Anime
NBA
Crossword
Kpop
Marvel
NFL
Country
WWE
The Office
Puzzle
Song
Soccer
Pokémon
Your Account Isn't Verified!
In order to create a playlist on Sporcle, you need to verify the email address you used during registration. Go to your
Sporcle Settings
to finish the process.
Report this User
Report this user for behavior that violates our
Community Guidelines
.
Details:
Send Report
Go to the Sporcle.com Mobile Site →
Comments